000 00545nam a22001817a 4500
005 20251108170524.0
008 250721s1998 xx 000 0 ara d
082 1 4 _a657.48/حمي
100 1 _aحميدان، عبد الناصر أحمد
245 1 0 _aأساسيات المحاسبة المالية الخاصة /
264 1 _aعمان :
_bدار المسيرة،
_c1998.
300 _a384ص
650 1 7 _aالمحاسبة
650 1 7 _aالسجلات المالية
650 1 7 _aالحسابات
942 _2ddc
_cBK
999 _c42560
_d42560